Statistics for EVERY World Champion in WWE

Click here to take the quiz!

General Stats

  • This quiz has been taken 188 times
    (182 since last reset)
  • The average score is 227 of 254

Answer Stats

Hint (Reign Number)Answer% Correct
1 | 2 | 3 | +10 othersJohn Cena
99%
1 | 2 | 3Roman Reigns
99%
1 | 2 | 3 | +6 othersTriple H
99%
1 | 2 | 3 | +7 othersRandy Orton
98%
1 | 2Seth Rollins
97%
1 | 2 | 3Shawn Michaels
97%
1 | 2 | 3 | +5 othersThe Rock
96%
1 | 2 | 3 | 4The Undertaker
96%
1 | 2 | 3 | +2 othersBrock Lesnar
95%
1 | 2The Big Show
95%
1 | 2Goldberg
94%
1 | 2 | 3 | +2 othersHulk Hogan
94%
1 | 2 | 3 | +3 othersSteve Austin
94%
1Dean Ambrose
93%
1 | 2 | 3 | +4 othersEdge
93%
1 | 2Finn Balor
93%
1Kane
93%
1 | 2 | 3 | 4Batista
92%
1 | 2Bobby Lashley
92%
1 | 2Ric Flair
92%
1 | 2 | 3 | +2 othersBret Hart
91%
1 | 2 | 3 | 4Daniel Bryan
91%
1Kofi Kingston
91%
1 | 2Rey Mysterio
91%
1 | 2The Miz
91%
1 | 2 | 3CM Punk
90%
6Hollywood Hulk Hogan
90%
1 | 2Jeff Hardy
90%
1 | 2 | 3 | 4Kurt Angle
90%
1Matt Hardy
90%
1 | 2 | 3Sheamus
90%
1 | 2Bray Wyatt
89%
1 | 2 | 3Chris Jericho
89%
1Kevin Owens
89%
1Andre The Giant
88%
1Chris Benoit
88%
1 | 2Christian
88%
1 | 2Randy Savage
88%
1 | 2AJ Styles
87%
1 | 2Alberto Del Rio
87%
1Big E Langston
87%
1Eddie Guerrero
87%
1Diesel
86%
1Jinder Mahal
86%
1 | 2 | 3Mankind
86%
1Rob Van Dam
86%
1Vince McMahon
86%
1The Ultimate Warrior
85%
4 (original wins in WCW) | 5 (original wins in WCW)Booker T
84%
1Braun Strowman
84%
1 | 2Bruno Sammartino
84%
1 | 2Drew McIntyre
84%
1King Booker
84%
1Mark Henry
84%
1Chavo Guerrero
82%
1 | 2Dolph Ziggler
82%
1Jack Swagger
82%
1John Bradshaw Layfield
80%
1The Great Khali
80%
1 | 2Yokozuna
79%
1Sami Zayn
77%
1 | 2Shinsuke Nakamura
77%
2 (first win in original ECW)Tommy Dreamer
77%
1Adam Cole
73%
1 | 2Bob Backlund
73%
1 | 2Sycho Sid
73%
1 | 2Samoa Joe
71%
1Sgt. Slaughter
70%
1The Iron Sheik
70%
1Ezekiel Jackson
69%
1Bobby Roode
68%
1Bo Dallas
67%
1John Morrison
67%
1Tommaso Ciampa
67%
1Johnny Gargano
65%
1Buddy Rogers
63%
1Pedro Morales
63%
1Adrian Neville
59%
1Keith Lee
58%
1Superstar Billy Graham
58%
1Aleister Black
57%
1Ivan Koloff
56%
1Stan Stasiak
55%
1Andrade Almas
53%
1Karrion Kross
51%

Score Distribution

Percentile by Number Answered

Percent of People with Each Score

Your Score History

You have not taken this quiz since the last reset